书目信息 |
| 题名: |
话本小说概论
|
|
| 作者: | 胡士莹 著 | |
| 分册: | 下 | |
| 出版信息: | 北京 中华书局 1980 |
|
| 页数: | 357-755页 | |
| 开本: | 21cm | |
| 丛书名: | ||
| 单 册: | ||
| 中图分类: | I207.4 , I207.41 | |
| 科图分类: | ||
| 主题词: | 话本小说-文学研究--中国--古代 , 文学研究-话本小说--中国--古代 , 文学--中国 | |
| 电子资源: | ||
| ISBN: | ||
| 000 | 00769nam0 2200277 45 | |
| 001 | 0180008560 | |
| 005 | 20060720083729.37 | |
| 010 | @dCNY2.75 | |
| 091 | @a10018.437 | |
| 100 | @a19950515d1980 em y0chiy0121 ea | |
| 101 | 0 | @achi |
| 102 | @aCN@b110000 | |
| 105 | @ay z 000zy | |
| 200 | 10 | @a话本小说概论@Ahua ben xiao shuo gai lun@h下@f胡士莹著 |
| 210 | @a北京@c中华书局@d1980 | |
| 215 | @a357-755页@d21cm | |
| 300 | @a话本小说是我国小说发展史中的一个重要环节. | |
| 606 | @a话本小说-文学研究@y中国@z古代 | |
| 606 | @a文学研究-话本小说@y中国@z古代 | |
| 606 | 0 | @a文学@x中国 |
| 690 | @aI207.4 | |
| 690 | @aI207.41@v3 | |
| 701 | 0 | @a胡士莹@Ahu shi ying@4著 |
| 801 | 2 | @aCN@bNLC@c20060720 |
| 801 | 0 | @aCN@b上海图书馆@c20040418 |
| 905 | @dI207.4@e50:2 | |
| 话本小说概论.下/胡士莹著.-北京:中华书局,1980 |
| 357-755页;21cm |
| 话本小说是我国小说发展史中的一个重要环节. |
| ISBN :CNY2.75 |
| ● |
| 相关链接 |
|
|
|
|
正题名:话本小说概论
索取号:I207.4/50:2
 
预约/预借
| 序号 | 登录号 | 条形码 | 馆藏地/架位号 | 状态 | 备注 |
| 1 | 0053900 | 000545315 | 第二借阅区/ [索取号:I207.4/50:2] | 在馆 | |
| 2 | 0053902 | 000545324 | 第一样本阅览室/ [索取号:I207.4/50:2] | 在馆 | |
| 3 | 0427565 | 204275658 | 密集书库/ [索取号:I207.4/50:2] | 在馆 | |
| 4 | 0427567 | 204275676 | 密集书库/ [索取号:I207.4/50:2] | 在馆 |